[Event "2. Bundesliga West 2010/11"]
[Site "Salzburg"]
[Date "2011.03.11"]
[Round "9"]
[Board "5"]
[White "Donegani, Peter"]
[Black "Bezler, Rainer"]
[Result "1/2-1/2"]
[WhiteElo "2103"]
[BlackElo "2269"]
[PlyCount "65"]
[EventDate "2010.10.15"]
[EventType "team"]
[EventRounds "11"]
[EventCountry "AUT"]
[WhiteTeam "Mozart 1910"]
[BlackTeam "Bregenz"]

1.e4 d6 2.d4 Nf6 3.Nc3 e5 4.Nf3 Nbd7 5.Bc4 Be7 6.O-O O-O 7.Re1 c6 8.a4 b6 9.d5
cxd5 10.Nxd5 Bb7 11.Re2 Rc8 12.b3 Nxd5 13.Bxd5 Ba6 14.c4 Nf6 15.Ba3 Qc7 16.Raa2
Nxd5 17.Qxd5 Bb7 18.Qd3 f5 19.Nd2 fxe4 20.Nxe4 d5 21.Nd2 Rfd8 22.Bxe7 Qxe7
23.Qe3 dxc4 24.Nxc4 Qg5 25.f4 exf4 26.Qe6+ Kh8 27.Red2 f3 28.Rxd8+ Qxd8 29.Nd6
f2+ 30.Rxf2 Rc1+ 31.Rf1 Rxf1+ 32.Kxf1 Qf8+ 33.Ke1 1/2-1/2

[Event "2. Bundesliga West 2010/11"]
[Site "Salzburg"]
[Date "2011.03.11"]
[Round "9"]
[Board "6"]
[White "Mira, Helene"]
[Black "Hicker, Harald"]
[Result "1-0"]
[WhiteElo "2133"]
[BlackElo "2078"]
[PlyCount "49"]
[EventDate "2010.10.15"]
[EventType "team"]
[EventRounds "11"]
[EventCountry "AUT"]
[WhiteTeam "Bregenz"]
[BlackTeam "Mozart 1910"]

1.Nf3 d5 2.d4 Nf6 3.c4 c6 4.Nc3 e6 5.e3 Bb4 6.Bd3 O-O 7.O-O Nbd7 8.Qe2 Re8 9.Rd1
Qa5 10.Bd2 dxc4 11.Bxc4 Nd5 12.Qd3 Nxc3 13.bxc3 Bf8 14.Bb3 Qh5 15.e4 b6 16.e5
Bb7 17.Ng5 Rad8 18.Qg3 Be7 19.Bc2 Bxg5 20.Bxg5 Rb8 21.Re1 c5 22.Ba4 Bc8 23.Rab1
cxd4 24.cxd4 Qg6 25.Qe3 1-0

[Event "2. Bundesliga West 2010/11"]
[Site "Salzburg"]
[Date "2011.03.11"]
[Round "9"]
[Board "1"]
[White "Koepke, Christian"]
[Black "Eisenbeiser, Amadeus"]
[Result "1-0"]
[WhiteElo "2381"]
[BlackElo "2397"]
[PlyCount "63"]
[EventDate "2010.10.15"]
[EventType "team"]
[EventRounds "11"]
[EventCountry "AUT"]
[WhiteTeam "Hypo Kufstein"]
[BlackTeam "Goetzis"]

1.e4 d6 2.d4 Nf6 3.Nc3 e5 4.Nf3 Nbd7 5.g4 g6 6.g5 Nh5 7.Be3 Bg7 8.dxe5 dxe5
9.Qd2 c6 10.O-O-O Qc7 11.Bh3 O-O 12.Qd6 Qxd6 13.Rxd6 Nb6 14.Bxc8 Rfxc8 15.b3 Nf4
16.Rhd1 Ne6 17.a4 Rd8 18.a5 Rxd6 19.Rxd6 Nc8 20.Rd7 Rb8 21.Na4 b6 22.a6 Kf8
23.Nb2 Ke8 24.Rb7 Ra8 25.Nc4 Nd8 26.Rc7 Bf8 27.Nfxe5 b5 28.Ng4 Be7 29.Nce5 Ne6
30.Rxc6 Nxg5 31.Nf6+ Bxf6 32.Rxf6 1-0

[Event "2. Bundesliga West 2010/11"]
[Site "Salzburg"]
[Date "2011.03.11"]
[Round "9"]
[Board "2"]
[White "Schloetzer, Waldemar"]
[Black "Berchtenbreiter, Maximilian"]
[Result "1/2-1/2"]
[WhiteElo "2282"]
[BlackElo "2232"]
[PlyCount "66"]
[EventDate "2010.10.15"]
[EventType "team"]
[EventRounds "11"]
[EventCountry "AUT"]
[WhiteTeam "Goetzis"]
[BlackTeam "Hypo Kufstein"]

1.d4 d5 2.c4 c6 3.Nf3 Nf6 4.e3 a6 5.Nc3 b5 6.cxd5 cxd5 7.Ne5 e6 8.Be2 Be7 9.O-O
Bb7 10.Bd2 O-O 11.Nd3 Nc6 12.Qb1 Ne4 13.Be1 Rc8 14.a4 b4 15.Nxe4 dxe4 16.Nc5
Bxc5 17.dxc5 Ne5 18.Bxb4 Qh4 19.h3 Rfd8 20.Rd1 Nd3 21.Be1 Nxc5 22.b4 Rxd1
23.Qxd1 Rd8 24.bxc5 Rxd1 25.Rxd1 Qe7 26.Ba5 h6 27.Rd6 Kh7 28.Bb4 Qf6 29.Rb6 Qa1+
30.Kh2 Qe5+ 31.Kg1 Qa1+ 32.Kh2 Qe5+ 33.Kg1 Qa1+ 1/2-1/2

[Event "2. Bundesliga West 2010/11"]
[Site "Salzburg"]
[Date "2011.03.11"]
[Round "9"]
[Board "3"]
[White "Neuschmied, Siegfried"]
[Black "Krassowizkij, Jaroslaw"]
[Result "0-1"]
[WhiteElo "2309"]
[BlackElo "2244"]
[PlyCount "56"]
[EventDate "2010.10.15"]
[EventType "team"]
[EventRounds "11"]
[EventCountry "AUT"]
[WhiteTeam "Hypo Kufstein"]
[BlackTeam "Goetzis"]

1.d4 Nf6 2.c4 g6 3.Nc3 d5 4.Nf3 Bg7 5.Qb3 dxc4 6.Qxc4 O-O 7.e4 a6 8.e5 b5 9.Qb3
Nfd7 10.h4 c5 11.e6 c4 12.exf7+ Rxf7 13.Qd1 Nc6 14.h5 Rxf3 15.gxf3 Nxd4 16.Be3
Ne5 17.Bxd4 Qxd4 18.Be2 Nd3+ 19.Bxd3 cxd3 20.Qb3+ Kf8 21.O-O-O Bf5 22.hxg6 Bxg6
23.Rd2 Rc8 24.Kd1 Bf7 25.Qa3 b4 26.Qxa6 Qc5 27.Rxd3 bxc3 28.bxc3 Bc4 0-1

[Event "2. Bundesliga West 2010/11"]
[Site "Salzburg"]
[Date "2011.03.11"]
[Round "9"]
[Board "4"]
[White "Schmidlechner, Alexander"]
[Black "Levushkina,  Elena"]
[Result "1/2-1/2"]
[WhiteElo "2170"]
[BlackElo "2345"]
[PlyCount "59"]
[EventDate "2010.10.15"]
[EventType "team"]
[EventRounds "11"]
[EventCountry "AUT"]
[WhiteTeam "Goetzis"]
[BlackTeam "Hypo Kufstein"]

1.d4 d5 2.c4 dxc4 3.Nf3 Nf6 4.e3 e6 5.Bxc4 c5 6.Nc3 a6 7.a4 Nc6 8.O-O Be7 9.Qe2
cxd4 10.Rd1 O-O 11.exd4 Nb4 12.Bg5 Re8 13.Ne5 Nfd5 14.Bc1 Qc7 15.Ne4 Nc6 16.Ng5
Bxg5 17.Bxg5 f6 18.Nxc6 bxc6 19.Be3 a5 20.Rac1 Qb6 21.Bxd5 cxd5 22.Rc3 Bd7 23.b3
Rac8 24.Rdc1 Rxc3 25.Rxc3 Qb8 26.Qd2 Qb7 27.h3 e5 28.Qc1 exd4 29.Bxd4 Qb4 30.Bc5
1/2-1/2

[Event "2. Bundesliga West 2010/11"]
[Site "Salzburg"]
[Date "2011.03.11"]
[Round "9"]
[Board "5"]
[White "Maurer, Jochen"]
[Black "Scheffknecht, Philipp"]
[Result "1-0"]
[WhiteElo "2215"]
[BlackElo "2118"]
[PlyCount "95"]
[EventDate "2010.10.15"]
[EventType "team"]
[EventRounds "11"]
[EventCountry "AUT"]
[WhiteTeam "Hypo Kufstein"]
[BlackTeam "Goetzis"]

1.d4 Nf6 2.c4 e6 3.Nc3 Bb4 4.a3 Bxc3+ 5.bxc3 c5 6.e3 O-O 7.Bd3 d6 8.Ne2 e5 9.f3
Nc6 10.O-O Re8 11.Qc2 b6 12.Ng3 Qc7 13.d5 Ne7 14.f4 exf4 15.exf4 b5 16.Ne4 Nxe4
17.Bxe4 f5 18.Bd3 bxc4 19.Bxc4 Bd7 20.a4 a5 21.Rb1 Rab8 22.Bd2 Rxb1 23.Rxb1 Rb8
24.Rxb8+ Qxb8 25.Qb3 Qxb3 26.Bxb3 c4 27.Bxc4 Bxa4 28.Kf2 Bc2 29.Ke3 Be4 30.Kd4
Kf7 31.g3 g6 32.Ba2 Ke8 33.c4 a4 34.Kc3 Kd7 35.Kb4 Bc2 36.Be3 Ng8 37.c5 dxc5+
38.Bxc5 Nf6 39.Bc4 Ne4 40.Bb5+ Kc7 41.Bd4 Kd6 42.Bc6 Bb3 43.Be5+ Ke7 44.Kb5 Nf6
45.d6+ Ke6 46.Bxf6 Kxf6 47.Kb6 Be6 48.Bxa4 1-0

[Event "2. Bundesliga West 2010/11"]
[Site "Salzburg"]
[Date "2011.03.11"]
[Round "9"]
[Board "6"]
[White "Kranz, Armin"]
[Black "Kranewitter, Norbert"]
[Result "1-0"]
[WhiteElo "2104"]
[BlackElo "2092"]
[PlyCount "119"]
[EventDate "2010.10.15"]
[EventType "team"]
[EventRounds "11"]
[EventCountry "AUT"]
[WhiteTeam "Goetzis"]
[BlackTeam "Hypo Kufstein"]

1.d4 d5 2.Nf3 Nf6 3.c4 c6 4.e3 Bg4 5.h3 Bh5 6.Qb3 Qb6 7.Nc3 e6 8.Ne5 Nbd7 9.g4
Bg6 10.Nxg6 hxg6 11.Bg2 dxc4 12.Qxc4 Be7 13.O-O O-O 14.a3 Rac8 15.b4 Nd5 16.Bd2
Bd6 17.Ne4 Bb8 18.f4 Qd8 19.Ng5 Qe7 20.Rac1 Rfd8 21.Rc2 Nf8 22.Nf3 Nd7 23.Bc1
N7b6 24.Qb3 Nf6 25.Ne5 Nfd7 26.Bb2 Nf8 27.g5 Bxe5 28.dxe5 Rd7 29.Bd4 Rcd8 30.h4
Nd5 31.Bc5 Qe8 32.Rcc1 Ne7 33.Rcd1 Nf5 34.Bxa7 Nxh4 35.Be4 Nf5 36.Bb6 Ra8
37.Rxd7 Nxd7 38.Bxf5 gxf5 39.Bd4 Rd8 40.Kg2 Nf8 41.Rd1 Qd7 42.Kf2 Qd5 43.Qxd5
Rxd5 44.Ke2 Nd7 45.Rc1 Kf8 46.Bc5+ Nxc5 47.Rxc5 Rxc5 48.bxc5 Ke7 49.Kd3 Kd7
50.Kc4 Kc7 51.Kb4 Kb8 52.Ka4 Ka8 53.Kb4 Ka7 54.Ka5 Ka8 55.Kb6 Kb8 56.a4 Kc8
57.a5 Kb8 58.a6 bxa6 59.Kxc6 a5 60.Kd7 1-0

[Event "2. Bundesliga West 2010/11"]
[Site "Salzburg"]
[Date "2011.03.12"]
[Round "10"]
[Board "1"]
[White "Heinzel, Olaf"]
[Black "Koepke, Christian"]
[Result "0-1"]
[WhiteElo "2327"]
[BlackElo "2381"]
[PlyCount "128"]
[EventDate "2010.10.15"]
[EventType "team"]
[EventRounds "11"]
[EventCountry "AUT"]
[WhiteTeam "Rochade Rum"]
[BlackTeam "Hypo Kufstein"]

1.Nf3 Nf6 2.b3 g6 3.Bb2 Bg7 4.g3 d6 5.Bg2 O-O 6.O-O e5 7.c4 c6 8.d3 Re8 9.Nbd2
a5 10.c5 Nfd7 11.Nc4 Nxc5 12.d4 exd4 13.Bxd4 Bxd4 14.Qxd4 Ne4 15.Rfd1 d5 16.Ne1
Nd7 17.f3 dxc4 18.fxe4 cxb3 19.axb3 Qb6 20.e3 c5 21.Qc3 Nf6 22.e5 Ng4 23.Rd5 c4
24.bxc4 Qxe3+ 25.Qxe3 Nxe3 26.Rdxa5 Rxa5 27.Rxa5 Nxc4 28.Ra8 Nb6 29.Rb8 Nd7
30.Ra8 Nb6 31.Rb8 Rxe5 32.Nd3 Re7 33.Nc5 Kg7 34.Nxb7 Bg4 35.h3 Be6 36.Nd6 Nc4
37.Ne8+ Kh6 38.Nf6 Kg7 39.Ne8+ Kh6 40.Nf6 Ra7 41.h4 Ra1+ 42.Kh2 Ne5 43.Rb5 Re1
44.Bd5 Re2+ 45.Kg1 Bxd5 46.Nxd5 Rd2 47.Ne3 Nf3+ 48.Kf1 Nh2+ 49.Ke1 Ra2 50.Rb4
Nf3+ 51.Kf1 Kg7 52.Rf4 Ne5 53.h5 gxh5 54.Rf5 f6 55.Rxh5 Kg6 56.Rh4 Ra1+ 57.Ke2
Ra2+ 58.Kf1 h5 59.Nd5 Ra1+ 60.Kg2 Ra2+ 61.Kf1 Ng4 62.Nf4+ Kf5 63.Nxh5 Nh2+
64.Rxh2 Rxh2 0-1

[Event "2. Bundesliga West 2010/11"]
[Site "Salzburg"]
[Date "2011.03.12"]
[Round "10"]
[Board "2"]
[White "Berchtenbreiter, Maximilian"]
[Black "Gatterer, Florian"]
[Result "1-0"]
[WhiteElo "2232"]
[BlackElo "2306"]
[PlyCount "52"]
[EventDate "2010.10.15"]
[EventType "team"]
[EventRounds "11"]
[EventCountry "AUT"]
[WhiteTeam "Hypo Kufstein"]
[BlackTeam "Rochade Rum"]

1.e4 e5 2.Bc4 Nc6 3.Nf3 Bc5 4.b4 Bxb4 5.c3 Be7 6.d4 Na5 7.Bd3 d6 8.dxe5 dxe5
9.Nxe5 Nf6 10.O-O O-O 11.Qc2 b6 12.Nd2 Bb7 13.Nef3 Nd7 14.e5 h6 15.Re1 Nc5
16.Bf5 Bc8 17.Nd4 Bxf5 18.Qxf5 Qc8 19.Qf3 Re8 20.Ne4 Nxe4 21.Rxe4 Bf8 22.Bxh6 c5
23.Rg4 cxd4 24.Rxg7+ Bxg7 25.Qg3 Kf8 26.Qxg7+ Ke7 1-0

[Event "2. Bundesliga West 2010/11"]
[Site "Salzburg"]
[Date "2011.03.12"]
[Round "10"]
[Board "3"]
[White "Eybl, Alexander"]
[Black "Neuschmied, Siegfried"]
[Result "0-1"]
[WhiteElo "2278"]
[BlackElo "2309"]
[PlyCount "48"]
[EventDate "2010.10.15"]
[EventType "team"]
[EventRounds "11"]
[EventCountry "AUT"]
[WhiteTeam "Rochade Rum"]
[BlackTeam "Hypo Kufstein"]

1.Nf3 d5 2.c4 dxc4 3.Na3 a6 4.Nxc4 b5 5.Ne3 Bb7 6.d4 e6 7.Nc2 c5 8.e3 Nd7 9.Be2
Qc7 10.O-O c4 11.Bd2 Ngf6 12.a4 Bd6 13.axb5 axb5 14.Rxa8+ Bxa8 15.Bb4 Bxb4
16.Nxb4 O-O 17.Ne1 Qa5 18.Nec2 Nb6 19.Qa1 Na4 20.Qa3 Be4 21.b3 cxb3 22.Qxb3 Rc8
23.Ra1 Bxc2 24.Nxc2 Qd2 0-1

[Event "2. Bundesliga West 2010/11"]
[Site "Salzburg"]
[Date "2011.03.12"]
[Round "10"]
[Board "4"]
[White "Levushkina,  Elena"]
[Black "Hengl, Christian"]
[Result "1/2-1/2"]
[WhiteElo "2345"]
[BlackElo "2193"]
[PlyCount "126"]
[EventDate "2010.10.15"]
[EventType "team"]
[EventRounds "11"]
[EventCountry "AUT"]
[WhiteTeam "Hypo Kufstein"]
[BlackTeam "Rochade Rum"]

1.e4 e6 2.d4 d5 3.Nd2 Nf6 4.e5 Nfd7 5.Bd3 c5 6.c3 Nc6 7.Ne2 cxd4 8.cxd4 f6
9.exf6 Nxf6 10.Nf3 Bd6 11.O-O Qc7 12.Bg5 O-O 13.Bh4 Nh5 14.Qc2 h6 15.Bh7+ Kh8
16.Bg6 Rxf3 17.Bxh5 Bxh2+ 18.Kh1 Rf5 19.Bg6 Bd6 20.Bxf5 exf5 21.Rfe1 Qf7 22.Bg3
Bb4 23.Red1 Bd7 24.Kg1 Re8 25.Rac1 Ba5 26.a3 Bb6 27.b4 a6 28.Qa2 Re4 29.Be5 Nxe5
30.dxe5 Bb5 31.Ng3 Rxe5 32.Re1 Qe6 33.Rxe5 Qxe5 34.Nf1 Bc4 35.Qd2 Qd4 36.Qxd4
Bxd4 37.Ne3 Bxe3 38.fxe3 Kg8 39.Kf2 Kf7 40.Kf3 Kf6 41.Rh1 Ke5 42.Rh4 Bd3 43.g3
Bc2 44.Ke2 Be4 45.Kd2 Bf3 46.b5 Bg4 47.bxa6 bxa6 48.Kd3 h5 49.Rh1 g5 50.Rh2 Bf3
51.Rb2 f4 52.gxf4+ gxf4 53.Rb8 Be4+ 54.Ke2 fxe3 55.Kxe3 d4+ 56.Kf2 Bc6 57.Rh8
Ke4 58.Rxh5 Kd3 59.Ke1 Bb5 60.Rc5 Bc4 61.Rc6 Bb5 62.Rc5 Bc4 63.Rc6 Bb5 1/2-1/2

[Event "2. Bundesliga West 2010/11"]
[Site "Salzburg"]
[Date "2011.03.12"]
[Round "10"]
[Board "5"]
[White "Jedinger, Andreas"]
[Black "Blaskowski, Johannes"]
[Result "1/2-1/2"]
[WhiteElo "2177"]
[BlackElo "2315"]
[PlyCount "50"]
[EventDate "2010.10.15"]
[EventType "team"]
[EventRounds "11"]
[EventCountry "AUT"]
[WhiteTeam "Rochade Rum"]
[BlackTeam "Hypo Kufstein"]

1.e4 c5 2.Nf3 e6 3.g3 d5 4.exd5 exd5 5.d4 Nf6 6.Bg2 c4 7.O-O Be7 8.b3 b5 9.Ne5
cxb3 10.axb3 b4 11.c4 bxc3 12.Nxc3 O-O 13.Bg5 Bb7 14.Qd3 a6 15.Rfc1 Nbd7 16.Na4
h6 17.Be3 Bd6 18.Nc6 Qe8 19.Na5 Bc8 20.Nc5 Nxc5 21.dxc5 Be5 22.Bd4 Bf5 23.Qd1
Bg4 24.Qd3 Bf5 25.Qd1 Bg4 1/2-1/2

[Event "2. Bundesliga West 2010/11"]
[Site "Salzburg"]
[Date "2011.03.12"]
[Round "10"]
[Board "6"]
[White "Kranewitter, Norbert"]
[Black "Mikulic, Oliver"]
[Result "1/2-1/2"]
[WhiteElo "2092"]
[BlackElo "2062"]
[PlyCount "63"]
[EventDate "2010.10.15"]
[EventType "team"]
[EventRounds "11"]
[EventCountry "AUT"]
[WhiteTeam "Hypo Kufstein"]
[BlackTeam "Rochade Rum"]

1.Nf3 d5 2.d4 Nf6 3.c4 c6 4.e3 a6 5.Bd3 Bg4 6.O-O e6 7.b3 Be7 8.Bb2 O-O 9.Nbd2
Nbd7 10.Qc2 Bh5 11.Ne5 Rc8 12.e4 Nxe5 13.dxe5 Nxe4 14.Nxe4 dxe4 15.Bxe4 Bg6
16.Bxg6 hxg6 17.Rad1 Qc7 18.Rd3 Rfd8 19.Rfd1 Rxd3 20.Rxd3 Rd8 21.Kf1 Rxd3
22.Qxd3 c5 23.Ke2 Qd8 24.Qxd8+ Bxd8 25.Kd3 Kf8 26.Ke4 Ke8 27.Bc3 a5 28.Bd2 Kd7
29.Bc3 Kc6 30.Bd2 Kd7 31.Bc3 Kc6 32.Bd2 1/2-1/2

[Event "2. Bundesliga West 2010/11"]
[Site "Salzburg"]
[Date "2011.03.12"]
[Round "10"]
[Board "1"]
[White "Dizdar, Goran"]
[Black "Schmidt, Georg"]
[Result "1/2-1/2"]
[WhiteElo "2555"]
[BlackElo "2362"]
[PlyCount "60"]
[EventDate "2010.10.15"]
[EventType "team"]
[EventRounds "11"]
[EventCountry "AUT"]
[WhiteTeam "SC Absam"]
[BlackTeam "Mozart 1910"]

1.d4 Nf6 2.c4 c5 3.d5 e5 4.Nc3 d6 5.e4 Be7 6.g3 h5 7.h4 Nbd7 8.Bh3 Nf8 9.Bd2 a6
10.a4 a5 11.Qe2 Bxh3 12.Nxh3 Qd7 13.Nb5 b6 14.O-O-O Ng6 15.Ng5 Rf8 16.f4 exf4
17.gxf4 Ng4 18.e5 dxe5 19.fxe5 N6xe5 20.Bc3 Bxg5+ 21.hxg5 O-O-O 22.Rxh5 Rfe8
23.Rf1 Ng6 24.Qf3 Ne3 25.Rf2 Nxc4 26.Qxf7 Nge5 27.Bxe5 Nxe5 28.Qxd7+ Rxd7 29.Rd2
Nc4 30.Rd1 Ree7 1/2-1/2

[Event "2. Bundesliga West 2010/11"]
[Site "Salzburg"]
[Date "2011.03.12"]
[Round "10"]
[Board "4"]
[White "Azad, Razik"]
[Black "De, Francesco Klaus"]
[Result "0-1"]
[WhiteElo "2138"]
[BlackElo "2290"]
[PlyCount "38"]
[EventDate "2010.10.15"]
[EventType "team"]
[EventRounds "11"]
[EventCountry "AUT"]
[WhiteTeam "Mozart 1910"]
[BlackTeam "SC Absam"]

1.e4 e6 2.d4 d5 3.Nd2 Nf6 4.Bd3 c5 5.e5 Nfd7 6.c3 Nc6 7.Ngf3 a6 8.O-O g5 9.dxc5
g4 10.Nd4 Ndxe5 11.N2b3 Nxd3 12.Qxd3 e5 13.Re1 f6 14.f4 gxf3 15.Qxf3 Be7 16.Bh6
Rg8 17.Nf5 Bxf5 18.Qxf5 Qd7 19.Qxh7 Bxc5+ 0-1

[Event "2. Bundesliga West 2010/11"]
[Site "Salzburg"]
[Date "2011.03.12"]
[Round "10"]
[Board "5"]
[White "Duer, Werner"]
[Black "Peterwagner, Heinz"]
[Result "1/2-1/2"]
[WhiteElo "2262"]
[BlackElo "2156"]
[PlyCount "85"]
[EventDate "2010.10.15"]
[EventType "team"]
[EventRounds "11"]
[EventCountry "AUT"]
[WhiteTeam "SC Absam"]
[BlackTeam "Mozart 1910"]

1.d4 g6 2.Nf3 Bg7 3.c3 d6 4.e4 Nd7 5.Bc4 Nb6 6.Bb3 Nf6 7.Nbd2 O-O 8.O-O c6 9.Re1
Qc7 10.h3 e5 11.a4 Re8 12.a5 Nbd7 13.Ng5 Re7 14.Nc4 h6 15.dxe5 Nxe5 16.Nxe5 dxe5
17.Nf3 Be6 18.Bxe6 Rxe6 19.Qc2 c5 20.Be3 Rd8 21.Nd2 Red6 22.Nc4 Rd3 23.f3 Nh5
24.Rad1 Rxd1 25.Rxd1 Rxd1+ 26.Qxd1 Nf4 27.Bxf4 exf4 28.Qd5 b5 29.Nd6 b4 30.e5
bxc3 31.bxc3 Qe7 32.Nc4 Qh4 33.Kf1 Qe7 34.a6 Qc7 35.e6 fxe6 36.Qxe6+ Kh7 37.Qe4
Qd7 38.Ke2 Qb5 39.h4 h5 40.Qe6 Bxc3 41.Qf7+ Bg7 42.Qe6 Qb3 43.Kf1 1/2-1/2

[Event "2. Bundesliga West 2010/11"]
[Site "Salzburg"]
[Date "2011.03.12"]
[Round "10"]
[Board "6"]
[White "Donegani, Peter"]
[Black "Natter, Siegfried"]
[Result "1/2-1/2"]
[WhiteElo "2103"]
[BlackElo "2245"]
[PlyCount "60"]
[EventDate "2010.10.15"]
[EventType "team"]
[EventRounds "11"]
[EventCountry "AUT"]
[WhiteTeam "Mozart 1910"]
[BlackTeam "SC Absam"]

1.e4 c5 2.Nf3 e6 3.d4 cxd4 4.Nxd4 a6 5.Nc3 b5 6.Bd3 Qb6 7.Be3 Bc5 8.Be2 Nc6
9.Nxc6 dxc6 10.Bxc5 Qxc5 11.Qd2 Nf6 12.O-O-O O-O 13.Bf3 e5 14.Qd6 Qxf2 15.Qxe5
Qe3+ 16.Kb1 Be6 17.Rhe1 Qb6 18.Qg5 h6 19.Qg3 Rad8 20.e5 Nd5 21.Nxd5 cxd5 22.Rd2
Rd7 23.Red1 d4 24.Qf4 Rfd8 25.Bg4 Bxg4 26.Qxg4 Qe6 27.Qf4 Qc4 28.Rd3 Rd5 29.Qe4
Re8 30.g3 Qc5 1/2-1/2

[Event "2. Bundesliga West 2010/11"]
[Site "Salzburg"]
[Date "2011.03.12"]
[Round "10"]
[Board "1"]
[White "Bayer, Bernhard"]
[Black "Baldauf, Marco"]
[Result "0-1"]
[WhiteElo "2393"]
[BlackElo "2363"]
[PlyCount "90"]
[EventDate "2010.10.15"]
[EventType "team"]
[EventRounds "11"]
[EventCountry "AUT"]
[WhiteTeam "Schwaz"]
[BlackTeam "Hohenems II"]

1.e4 e5 2.Nf3 Nc6 3.Bb5 Nf6 4.Qe2 a6 5.Bxc6 dxc6 6.Nc3 Bd6 7.d3 Nd7 8.Nd1 Nf8
9.Ne3 Ne6 10.Nc4 f6 11.Be3 c5 12.c3 Qe7 13.O-O g5 14.Nfd2 O-O 15.Rad1 b5 16.Nxd6
cxd6 17.Nb3 f5 18.exf5 Rxf5 19.d4 exd4 20.cxd4 Nf4 21.Qc2 c4 22.Na5 Nd5 23.Bd2
Bd7 24.Rde1 Qf7 25.Qe4 Rf8 26.f3 h6 27.Nb7 Rf6 28.g4 Bc6 29.Na5 Ba8 30.h4 gxh4
31.Kh2 Nf4 32.Qe7 Nd3 33.Qxf7+ Kxf7 34.Re3 Re8 35.Rxe8 Kxe8 36.d5 Bxd5 37.Bc3
Rxf3 38.Rxf3 Bxf3 39.Kh3 Nf2+ 40.Kxh4 Nxg4 41.b3 Ne5 42.bxc4 bxc4 43.Bxe5 dxe5
44.Nxc4 e4 45.Kg3 Ke7 0-1

[Event "2. Bundesliga West 2010/11"]
[Site "Salzburg"]
[Date "2011.03.12"]
[Round "10"]
[Board "2"]
[White "Gaertner, Guntram"]
[Black "Fuchs, Georg"]
[Result "1/2-1/2"]
[WhiteElo "2329"]
[BlackElo "2292"]
[PlyCount "60"]
[EventDate "2010.10.15"]
[EventType "team"]
[EventRounds "11"]
[EventCountry "AUT"]
[WhiteTeam "Hohenems II"]
[BlackTeam "Schwaz"]

1.d4 Nf6 2.c4 e6 3.Nc3 d5 4.cxd5 exd5 5.Bg5 Be7 6.e3 O-O 7.Bd3 Nbd7 8.Nf3 h6
9.Bh4 b6 10.O-O Bb7 11.Rc1 Ne4 12.Bxe7 Qxe7 13.Qe2 c5 14.Ba6 Rab8 15.Bxb7 Nxc3
16.Rxc3 Rxb7 17.dxc5 bxc5 18.Qc2 Rfb8 19.b3 Rb5 20.Rc1 a5 21.h3 a4 22.Qd3 axb3
23.axb3 Qe6 24.Qc2 Rb4 25.Qd1 R8b5 26.Qc2 Rb8 27.Qd1 R8b5 28.Qc2 Rb8 29.Qd1 R8b5
30.R3c2 Rb8 1/2-1/2

[Event "2. Bundesliga West 2010/11"]
[Site "Salzburg"]
[Date "2011.03.12"]
[Round "10"]
[Board "3"]
[White "Blaas, Hansjoerg"]
[Black "Burschowsky, Matthias"]
[Result "0-1"]
[WhiteElo "2240"]
[BlackElo "2208"]
[PlyCount "100"]
[EventDate "2010.10.15"]
[EventType "team"]
[EventRounds "11"]
[EventCountry "AUT"]
[WhiteTeam "Schwaz"]
[BlackTeam "Hohenems II"]

1.e4 c5 2.Nf3 e6 3.d4 cxd4 4.Nxd4 a6 5.Nc3 Qc7 6.Bd3 Nf6 7.O-O b5 8.Be3 Be7 9.a3
O-O 10.f4 d6 11.h3 Bb7 12.g4 d5 13.e5 Ne4 14.Qf3 Nxc3 15.bxc3 Qxc3 16.Bf2 Qc7
17.Rae1 Nc6 18.Nxc6 Qxc6 19.Qg3 Bxa3 20.f5 g6 21.Qf4 Rfe8 22.Bh4 d4 23.Re4 Qc7
24.Re2 exf5 25.gxf5 Bd5 26.Kh2 Bc4 27.fxg6 fxg6 28.Qxd4 Be7 29.Bg3 Be6 30.h4 Rf8
31.Rg1 Bc5 32.Qe4 Bxg1+ 33.Kxg1 Rad8 34.h5 Bf5 35.Qe3 Bxd3 36.cxd3 Qc3 37.hxg6
hxg6 38.Rd2 Qc1+ 39.Be1 Rf3 40.Qe4 Rg3+ 41.Kh2 Rg5 42.d4 Rf8 43.d5 Kg7 44.Rg2
Rf4 45.Qe2 Rxg2+ 46.Kxg2 Qc4 47.Qxc4 Rxc4 48.Kf3 Rd4 49.d6 Kf7 50.Ke3 Rd1 0-1

[Event "2. Bundesliga West 2010/11"]
[Site "Salzburg"]
[Date "2011.03.12"]
[Round "10"]
[Board "4"]
[White "Medwed, Kai"]
[Black "Gruber, Michael"]
[Result "1/2-1/2"]
[WhiteElo "1964"]
[BlackElo "2133"]
[PlyCount "59"]
[EventDate "2010.10.15"]
[EventType "team"]
[EventRounds "11"]
[EventCountry "AUT"]
[WhiteTeam "Hohenems II"]
[BlackTeam "Schwaz"]

1.e4 e5 2.Nf3 Nc6 3.d4 exd4 4.Nxd4 Nf6 5.Nxc6 bxc6 6.e5 Qe7 7.Qe2 Nd5 8.c4 Ba6
9.b3 g6 10.g3 Bg7 11.Bb2 O-O 12.Bg2 Rae8 13.O-O f6 14.Qd2 Nb6 15.Ba3 c5 16.Qa5
Qxe5 17.Bxc5 d6 18.Bxb6 axb6 19.Qxe5 fxe5 20.Nc3 e4 21.Rac1 Bb7 22.Nd5 Bxd5
23.cxd5 Re7 24.Rc4 e3 25.fxe3 Rxe3 26.Rxf8+ Kxf8 27.Rxc7 Re2 28.Bh3 Rxa2 29.Rb7
Bd4+ 30.Kh1 1/2-1/2

[Event "2. Bundesliga West 2010/11"]
[Site "Salzburg"]
[Date "2011.03.12"]
[Round "10"]
[Board "5"]
[White "Kondrak, Christof"]
[Black "Nussbaumer, Leon"]
[Result "0-1"]
[WhiteElo "2147"]
[BlackElo "1894"]
[PlyCount "88"]
[EventDate "2010.10.15"]
[EventType "team"]
[EventRounds "11"]
[EventCountry "AUT"]
[WhiteTeam "Schwaz"]
[BlackTeam "Hohenems II"]

1.d4 d5 2.Nf3 Nf6 3.c4 c6 4.cxd5 cxd5 5.Nc3 Nc6 6.Bf4 Bf5 7.a3 e6 8.e3 Bd6 9.Bg5
O-O 10.Be2 Rc8 11.O-O Qe7 12.Rc1 a6 13.Na4 b5 14.Nc5 Bxc5 15.dxc5 Na5 16.Nd4 Bg6
17.b4 Nc4 18.a4 Nb2 19.Qb3 Nxa4 20.Qa3 Qb7 21.Bf4 Ne4 22.Rfd1 Rfe8 23.f3 Nec3
24.Rxc3 Nxc3 25.Qxc3 e5 26.Bxe5 Rxe5 27.Nxb5 Qe7 28.Nd6 Rc6 29.e4 dxe4 30.Nxe4
f5 31.Bc4+ Kf8 32.Nd6 a5 33.Bd5 Re3 34.Qd2 Rc7 35.Nb5 Rd7 36.Nc3 axb4 37.Na4
Rxd5 38.Qxd5 Re1+ 39.Kf2 Qe2+ 40.Kg3 Rxd1 41.Qa8+ Qe8 42.Qa6 Qe5+ 43.Kh3 f4
44.Qc8+ Be8 0-1

[Event "2. Bundesliga West 2010/11"]
[Site "Salzburg"]
[Date "2011.03.12"]
[Round "10"]
[Board "6"]
[White "Nussbaumer, Laslo"]
[Black "Streiter, Gerhard"]
[Result "0-1"]
[WhiteElo "1807"]
[BlackElo "2004"]
[PlyCount "94"]
[EventDate "2010.10.15"]
[EventType "team"]
[EventRounds "11"]
[EventCountry "AUT"]
[WhiteTeam "Hohenems II"]
[BlackTeam "Schwaz"]

1.e4 c5 2.Nf3 d6 3.d4 cxd4 4.Nxd4 Nf6 5.Nc3 g6 6.Be3 Bg7 7.f3 O-O 8.Qd2 Nc6
9.O-O-O d5 10.Kb1 Nxd4 11.e5 Nf5 12.exf6 exf6 13.Nxd5 Nxe3 14.Qxe3 Be6 15.Bc4
Bxd5 16.Bxd5 Qc7 17.Rhe1 Rac8 18.Qb3 f5 19.Rd2 Rce8 20.Red1 Re7 21.a3 b5 22.c3
a6 23.h4 Qg3 24.h5 Bh6 25.hxg6 hxg6 26.Rc2 Re1 27.Rxe1 Qxe1+ 28.Ka2 Qd1 29.c4
bxc4 30.Qxc4 Bg5 31.Rc3 a5 32.Rd3 Qe1 33.Qd4 Qe7 34.f4 Bf6 35.Qb6 a4 36.Re3 Qd8
37.Qb7 Kg7 38.Bc6 Qd4 39.Rf3 Qc4+ 40.Kb1 Rd8 41.Bd7 Qe4+ 42.Qxe4 fxe4 43.Re3
Rxd7 44.Rxe4 Rd4 45.Rxd4 Bxd4 46.Kc2 Kf6 47.g4 g5 0-1

[Event "2. Bundesliga West 2010/11"]
[Site "Salzburg"]
[Date "2011.03.12"]
[Round "10"]
[Board "1"]
[White "Deglmann, Ludwig"]
[Black "Sergeev, Vladimir"]
[Result "0-1"]
[WhiteElo "2402"]
[BlackElo "2486"]
[PlyCount "77"]
[EventDate "2010.10.15"]
[EventType "team"]
[EventRounds "11"]
[EventCountry "AUT"]
[WhiteTeam "Sparkasse Jenbach 2"]
[BlackTeam "Dornbirn"]

1.f4 g6 2.Nf3 Bg7 3.g3 c5 4.Bg2 Nc6 5.O-O e6 6.d3 Nge7 7.e4 d6 8.c3 O-O 9.Be3 b6
10.Bf2 Qd7 11.Re1 h6 12.Na3 Ba6 13.Nc2 Rad8 14.d4 Kh7 15.Qd2 Rfe8 16.Rad1 Qc7
17.Rc1 Na5 18.b3 Bb7 19.Nh4 f5 20.Qe2 Qb8 21.b4 Nac6 22.g4 cxb4 23.cxb4 d5
24.gxf5 exf5 25.e5 Bc8 26.Nf3 Be6 27.h4 Rc8 28.h5 gxh5 29.Nh4 Ng6 30.Nxg6 Kxg6
31.Bh3 Ne7 32.Kh1 Kh7 33.Qxh5 Qd6 34.Ne3 Qd7 35.Bh4 Ng6 36.Bg3 Ne7 37.Rcd1 Rf8
38.Bh4 Ng6 39.Bg5 {Rest nicht lesbar} 0-1